1647 1823 1595 1042 1857 1678 1411 1885 1690 1931 1801 1105 1302 1455 1109 1053 1397 1096 1763 1247 1159 1714 1088 1311 1113 1140 1487 1609 1841 1106 1181 1707 1036 1571 1941 1419 1744 1672 1731 1609 1223 1758 1995 1499 1430 1786 1767 1190 1295 1602 1579 1336 1153 1154 1991 1728 1513 1925 1851 1342 1029 1892 1620 1599 1842 1150 1221 1744 1495 1259 1661 1699 1471 1681 1046 1602 1150 1873 1575 1686 1672 1838 1323 1268 1479 1304 1514 1314 1626 1307 1017 1749 1403 1940 1091 1395 1461 1656 1814 BCNSPRNW ULIB Ver.6.0+V

เปลี่ยนเป็นภาษาไทย

Change to English
 แสดงรายละเอียดบรรณานุกรม
  กลับหน้าหลัก

Brief Record : Get Marc (ISO 2709) : E-mail record : QR code < ปิดหน้าต่าง
LEADER : 00000nam 2200000uu 4500
001    13399124503
003     ULIB
008    020711s2556 th a 000 0 tha d
020    978974980421X
020    9789749804216
090    นว.^bล158ด ล.3
100    ล่อร่า อิงกัลล์ส์ ไวล์เดอร์;^eผู้แต่ง
245    เด็กชายชาวนา/^cล่อร่า อิงกัลล์ส์ ไวล์เดอร์. ; เขียน ,สุคนธรส. ; แปล
250    พิมพ์ครั้งที่10
260    กรุงเทพฯ :^bแพรวเยาวชน,^c2556
300    289 หน้า;^b18.5 ซม.
500    หนังสือชุดบ้านเล็ก
700    สุคนธรส ;^eแปล
945    ^p185^l0^i039774
999    ^aทศพร
รายการนี้ยังไม่มีแท็ก
คุณยังไม่ได้ล็อกอิน คุณสามารถมีกิจกรรมร่วมกับเว็บไซต์ได้ แต่ต้องล็อกอินก่อน ::
  ล็อกอิน

รายการสื่อสารสนเทศ

ลำดับที่ ประเภท เลขเรียก/บาร์โค้ด สถานที่ สถานะ
1. นวนิยาย
นวนิยาย
นว. ล158ด ล.3 ฉ.1 
  Barcode: 039774
ห้องสมุดวิทยาเขตสวรรค์ประชารักษ์
►นวนิยาย
บนชั้น
  ขอยืม

BibComment


ยังไม่เคยถูกคอมเมนท์

คอมเมนท์ทรัพยากรรายการนี้
  คอมเมนท์: เด็กชายชาวนา ล่อร..


 Copyright 2026. Bcnsprnw @Library